Personality Theories : (Record no. 4597)
[ view plain ]
| 000 -LEADER | |
|---|---|
| fixed length control field | 00623nam a22002297a 4500 |
| 001 - CONTROL NUMBER | |
| JCCL Control Number | 4597 |
| 003 - CONTROL NUMBER IDENTIFIER | |
| JCCL marc code | BD-JhCC |
| 005 - DATE AND TIME OF LATEST TRANSACTION | |
| control field | 20171128192359.0 |
| 008 - FIXED-LENGTH DATA ELEMENTS--GENERAL INFORMATION | |
| fixed length control field | 171128s1971 xxuad||| |||| 001 0 eng d |
| 035 ## - SYSTEM CONTROL NUMBER | |
| system control number | (BD-JhCC)4597 |
| 040 ## - CATALOGING SOURCE | |
| Original cataloging agency | BD-JhCC |
| Modifying agency | BD-JhCC |
| 041 ## - LANGUAGE CODE | |
| Language code of Book | eng |
| 082 ## - DEWEY DECIMAL CLASSIFICATION NUMBER | |
| Classification number | 155.2 |
| Author mark and Year | MAD 1971 |
| 100 ## - MAIN ENTRY--PERSONAL NAME | |
| Personal name | Maddy, Salvatore R. |
| 245 ## - TITLE STATEMENT | |
| Title | Personality Theories : |
| Remainder of title | a comparative analysis / |
| Statement of responsibility, etc | Salvatore R. Maddy |
| 260 ## - PUBLICATION, DISTRIBUTION, ETC. (IMPRINT) | |
| Place of publication, distribution, etc | United States of America : |
| Name of publisher, distributor, etc | The Dorsey Press , |
| Date of publication, distribution, etc | 1971. |
| 300 ## - PHYSICAL DESCRIPTION | |
| Pagination | 520 p. : |
| Other physical details | ill. : |
| Dimensions | 23 cm |
| 504 ## - BIBLIOGRAPHY, ETC. NOTE | |
| Bibliography, etc | Includes Index |
| 650 ## - SUBJECT ADDED ENTRY--TOPICAL TERM | |
| Topical term or geographic name as entry element | Personality |
| 942 ## - ADDED ENTRY ELEMENTS (KOHA) | |
| Source of classification or shelving scheme | Dewey Decimal Classification |
| Koha item type | Books |
| Source of classification or shelving scheme | Damaged status | Not for loan | Home library | Current library | Shelving location | Date of accession | Total Checkouts | Full call number | Barcode | Date last seen | Date checked out | Copy number | Koha item type |
|---|---|---|---|---|---|---|---|---|---|---|---|---|---|
| Dewey Decimal Classification | JCC Rouf Library | JCC Rouf Library | General Stacks | 11/28/2017 | 1 | 155.2 MAD 1971 | 6410 | 06/22/2019 | 04/24/2019 | C - 1 | Books |